[Event "Mittelfranken-chTB1 1314"]
[Site "Mittelfranken"]
[Date "2014.01.26"]
[Round "5.8"]
[White "Kulok, Solomon"]
[Black "Eichstaedt, Timm"]
[Result "0-1"]
[WhiteElo "1737"]
[BlackElo "1954"]
[PlyCount "151"]
[EventDate "2013.10.20"]
[EventType "team-tourn"]
[EventRounds "9"]
[EventCountry "GER"]
[SourceTitle "EXT 2020"]
[Source "ChessBase"]
[SourceDate "2019.10.17"]
[SourceVersion "1"]
[SourceVersionDate "2019.10.17"]
[SourceQuality "1"]
[WhiteTeam "Nuernberg NT III"]
[BlackTeam "Herzogenaurach"]
[WhiteTeamCountry "GER"]
[BlackTeamCountry "GER"]

1. d4 d5 2. c4 e6 3. Nc3 Nf6 4. cxd5 exd5 5. Bf4 c6 6. Qc2 Bd6 7. Bxd6 Qxd6 8. e3 0-0 9. Bd3 Be6 10. Nf3 Nbd7 11. 0-0 Rfe8 12. Rab1 Bg4 13. Nd2 Bh5 14. b4 a6 15. a4 Bg6 16. Bxg6 hxg6 17. b5 axb5 18. axb5 Rac8 19. Qb2 c5 20. Nf3 Ne4 21. Nxe4 dxe4 22. dxc5 Nxc5 23. Nd4 Nd3 24. Qb3 Rc5 25. f4 Rec8 26. Qa3 Qd7 27. h3 Qd8 28. Qa7 Qd5 29. Qa4 Rc3 30. Qd1 Qc5 31. f5 Ne5 32. Qe1 g5 33. b6 Qe7 34. Kh1 Nd3 35. Qg3 Nb4 36. h4 gxh4 37. Qg4 Nd5 38. Rbe1 Re8 39. f6 Nxf6 40. Qxh4 Nd5 41. Qg4 Qd6 42. Qf5 Qh6+ 43. Kg1 Nf6 44. Kf2 Qh4+ 45. Kg1 Qg3 46. Qf4 Qxf4 47. Rxf4 Nd5 48. Nb5 Rb3 49. Nd6 Re6 50. Nxb7 Nxf4 51. exf4 Rbxb6 52. Nc5 Re8 53. Rxe4 Rxe4 54. Nxe4 Rb4 55. Ng5 Rxf4 56. Nf3 Ra4 57. Kf2 f5 58. Kg3 Kf7 59. Ne5+ Kf6 60. Nd7+ Kg5 61. Ne5 f4+ 62. Kf2 Ra3 63. Nf3+ Kf5 64. Nd4+ Ke4 65. Ne6 Ra2+ 66. Kg1 g6 67. Ng5+ Kf5 68. Nf3 g5 69. Nd4+ Ke4 70. Nb5 Ke3 71. Nc3 Ra1+ 72. Kh2 g4 73. Nd5+ Ke4 74. Nf6+ Kf5 75. Nd5 g3+ 76. Kh3 0-1

[Event "Seebach op 23rd"]
[Site "Grossenseebach"]
[Date "2012.06.10"]
[Round "7"]
[White "Kulok, Solomon"]
[Black "Kirch, Daniel"]
[Result "0-1"]
[WhiteElo "1759"]
[BlackElo "2005"]
[PlyCount "202"]
[EventDate "2012.06.07"]
[EventType "swiss"]
[EventRounds "7"]
[EventCountry "GER"]
[SourceTitle "EXT 2013"]
[Source "ChessBase"]
[SourceDate "2012.11.22"]
[SourceVersion "1"]
[SourceVersionDate "2012.11.22"]
[SourceQuality "1"]

1. d4 Nf6 2. c4 e6 3. Nc3 Bb4 4. a3 Bxc3+ 5. bxc3 c5 6. g3 Qc7 7. Qd3 d6 8. Bg2 0-0 9. Nf3 Nbd7 10. Bg5 h6 11. Bxf6 Nxf6 12. 0-0 e5 13. Nd2 Rb8 14. d5 Qe7 15. e4 Nh7 16. f4 exf4 17. gxf4 f5 18. Rae1 Bd7 19. e5 Rbe8 20. Kh1 Ba4 21. Bh3 Qf7 22. Rf2 Qh5 23. Rg2 Rf7 24. e6 Rf6 25. Reg1 Re7 26. Rg3 Bd1 27. Bf1 Bg4 28. Qe3 Nf8 29. Qf2 Kh8 30. h3 Ng6 31. Kh2 Qh4 32. Qe3 Bh5 33. Rxg6 Rxg6 34. Rxg6 Bxg6 35. Nf3 Qf6 36. Kg3 Bh5 37. Be2 Bxf3 38. Bxf3 g5 39. Kh2 Rg7 40. Bh5 g4 41. Bf7 Qe7 42. Qd3 Qh4 43. Qe3 Qe7 44. Qd3 Rxf7 45. exf7 Qxf7 46. hxg4 fxg4 47. Qe4 Qh5+ 48. Kg1 g3 49. Kf1 Qh3+ 50. Ke1 g2 51. Qe8+ Kg7 52. Qe7+ Kg6 53. Qe8+ Kf5 54. Qd7+ Kxf4 55. Qxd6+ Ke4 56. Qe7+ Kd3 57. Qe2+ Kxc3 58. Qd2+ Kb3 59. Qd1+ Kxc4 60. Qa4+ Kxd5 61. Qd1+ Kc6 62. Kf2 Qh2 63. Qf3+ Kb6 64. Qb3+ Kc7 65. Qf7+ Kc6 66. Qf3+ Kd6 67. Qf6+ Kd5 68. Qf3+ Ke5 69. Qe3+ Kf5 70. Qd3+ Kg5 71. Qd5+ Kg4 72. Qe6+ Kg5 73. Qd5+ Kf6 74. Qf3+ Ke6 75. Qg4+ Kd5 76. Qf3+ Kc4 77. Qe4+ Kc3 78. Qe3+ Kb2 79. Qd2+ Kxa3 80. Qc3+ Ka4 81. Qc4+ Ka5 82. Qxc5+ b5 83. Qc3+ Kb6 84. Qe3+ Kc7 85. Qe7+ Kc6 86. Qe4+ Kc7 87. Qe7+ Kc6 88. Qe4+ Kd6 89. Qd4+ Ke6 90. Qe3+ Qe5 91. Qb3+ Qd5 92. Qe3+ Kd6 93. Qxh6+ Kc5 94. Qc1+ Qc4 95. Qg5+ Kb4 96. Qd2+ Qc3 97. Qf4+ Kb3 98. Qf7+ Kb2 99. Kxg2 Qc2+ 100. Kh3 Qb3+ 101. Qxb3+ Kxb3 0-1

[Event "Seebach op 23rd"]
[Site "Grossenseebach"]
[Date "2012.06.09"]
[Round "5"]
[White "Kulok, Solomon"]
[Black "Hoffmann, Sebastian1111"]
[Result "1-0"]
[WhiteElo "1759"]
[BlackElo "1301"]
[PlyCount "113"]
[EventDate "2012.06.07"]
[EventType "swiss"]
[EventRounds "7"]
[EventCountry "GER"]
[SourceTitle "EXT 2013"]
[Source "ChessBase"]
[SourceDate "2012.11.22"]
[SourceVersion "1"]
[SourceVersionDate "2012.11.22"]
[SourceQuality "1"]

1. e4 e5 2. f4 exf4 3. Nf3 Nf6 4. Nc3 d5 5. exd5 Nxd5 6. Bc4 Be6 7. Nxd5 Bxd5 8. Qe2+ Be7 9. 0-0 Bxc4 10. Qxc4 0-0 11. Qxf4 Bd6 12. Qg4 Qd7 13. Qh5 f6 14. Qd5+ Rf7 15. Qxb7 Qc6 16. Qb3 Qb6+ 17. d4 Qxb3 18. axb3 Nc6 19. c3 Rb8 20. b4 Rb5 21. Ra6 Rb6 22. Ra4 Rb5 23. Re1 a5 24. bxa5 Rxa5 25. Rxa5 Nxa5 26. b4 Nc4 27. Nd2 Nxd2 28. Bxd2 Re7 29. Rxe7 Bxe7 30. Bf4 c6 31. Kf2 Kf7 32. Ke3 Ke6 33. g3 Kd5 34. Kd3 g6 35. c4+ Ke6 36. Bd2 h5 37. Ke4 g5 38. Be1 Bd6 39. d5+ cxd5+ 40. cxd5+ Ke7 41. h3 f5+ 42. Kxf5 h4 43. g4 Bg3 44. Bd2 Kd6 45. Ke4 Kc7 46. Bxg5 Kb6 47. Bf4 Be1 48. g5 Bxb4 49. g6 Bf8 50. Be5 Kc5 51. g7 Bxg7 52. Bxg7 Kd6 53. Bf6 Kd7 54. Ke5 Ke8 55. Bxh4 Kf7 56. Bg5 Kg6 57. h4 1-0

[Event "Seebach op 23rd"]
[Site "Grossenseebach"]
[Date "2012.06.07"]
[Round "1"]
[White "Kulok, Solomon"]
[Black "Hacker, Jonas"]
[Result "0-1"]
[WhiteElo "1759"]
[BlackElo "2016"]
[PlyCount "64"]
[EventDate "2012.06.07"]
[EventType "swiss"]
[EventRounds "7"]
[EventCountry "GER"]
[SourceTitle "EXT 2013"]
[Source "ChessBase"]
[SourceDate "2012.11.22"]
[SourceVersion "1"]
[SourceVersionDate "2012.11.22"]
[SourceQuality "1"]

1. e4 c5 2. Nc3 Nc6 3. d3 g6 4. Be3 d6 5. Qd2 Bg7 6. h4 Nf6 7. Bh6 Bxh6 8. Qxh6 Nd4 9. Qd2 Qb6 10. Nd1 d5 11. c3 Nc6 12. exd5 Nxd5 13. Nf3 Bg4 14. Nh2 Bxd1 15. Rxd1 0-0-0 16. Nf3 e5 17. Qc2 Kb8 18. g3 h6 19. Bg2 f5 20. 0-0 Rhg8 21. Rde1 Qc7 22. Qe2 Rde8 23. Nd2 Nf6 24. Nc4 Nd7 25. Bd5 Rg7 26. Qd2 g5 27. Ne3 Ne7 28. Be6 f4 29. Ng4 Nc6 30. Bxd7 Qxd7 31. Nf6 Qh3 32. Nxe8 f3 0-1

[Event "GER-chT U14"]
[Site "Magdeburg"]
[Date "2010.12.29"]
[Round "5.1"]
[White "Neef, Maximilian"]
[Black "Kulok, Solomon"]
[Result "1-0"]
[WhiteElo "2001"]
[BlackElo "1700"]
[PlyCount "137"]
[EventDate "2010.12.27"]
[EventType "team-swiss"]
[EventRounds "7"]
[EventCountry "GER"]
[SourceTitle "CBM 140 Extra"]
[Source "ChessBase"]
[SourceDate "2011.03.01"]
[SourceVersion "1"]
[SourceVersionDate "2011.03.01"]
[SourceQuality "1"]
[WhiteTeam "Dresden USV"]
[BlackTeam "Nuernberg NT"]
[WhiteTeamCountry "GER"]
[BlackTeamCountry "GER"]

1. Nf3 Nf6 2. c4 g6 3. Nc3 Bg7 4. e4 d6 5. d4 0-0 6. h3 Nbd7 7. Bg5 e5 8. d5 a6 9. Be2 Qe8 10. Nd2 Kh8 11. g4 Ng8 12. Be3 Ne7 13. Qc2 f5 14. f3 Nf6 15. 0-0-0 f4 16. Bf2 Kg8 17. Kb1 b6 18. Ka1 Nd7 19. Rb1 Bb7 20. h4 h6 21. h5 g5 22. Nb3 Qb8 23. Nc1 Rd8 24. Nd3 Nc5 25. Rhc1 Nxd3 26. Qxd3 Bc8 27. Bd1 Bd7 28. Ba4 Bxa4 29. Nxa4 Nc8 30. Nc3 Bf6 31. a3 Rd7 32. Qc2 Kf8 33. Qa4 Rf7 34. b4 Bd8 35. Rc2 Qb7 36. c5 b5 37. Qb3 Na7 38. Rbc1 Ke8 39. Kb2 Kf8 40. Nb1 Ke8 41. Nd2 Kf8 42. Qd3 Ke8 43. Nb3 Qb8 44. Na5 Kf8 45. Rc3 Kg7 46. R1c2 Kh7 47. Ka2 Kg7 48. Qd1 Kf8 49. Qg1 Ke8 50. Kb3 Rg7 51. Qd1 Rf7 52. Nc6 Nxc6 53. dxc6 Be7 54. Qd5 Kf8 55. cxd6 Bxd6 56. Bc5 Bxc5 57. Qxc5+ Re7 58. Rd2 Qa7 59. Rd8+ Kf7 60. Rcd3 Qxc5 61. bxc5 Rxd8 62. Rxd8 a5 63. a4 b4 64. Ra8 Re6 65. Rxa5 Rxc6 66. Kxb4 Ke7 67. Kb5 Kd7 68. Ra8 Re6 69. a5 1-0

[Event "Landesliga U20 Nord 1011"]
[Site "Bayern"]
[Date "2010.12.04"]
[Round "2.3"]
[White "Roessner, Andreas"]
[Black "Kulok, Solomon"]
[Result "0-1"]
[WhiteElo "1617"]
[BlackElo "1731"]
[PlyCount "98"]
[EventDate "2010.10.16"]
[EventType "team-tourn"]
[EventRounds "7"]
[EventCountry "GER"]
[SourceTitle "EXT 2022"]
[Source "ChessBase"]
[SourceDate "2021.10.06"]
[SourceVersion "1"]
[SourceVersionDate "2021.10.06"]
[SourceQuality "1"]
[WhiteTeam "Haunwoehr SV U20"]
[BlackTeam "Nuernberg Noris Tarrasch U20"]
[WhiteTeamCountry "GER"]
[BlackTeamCountry "GER"]

1. e4 c5 2. Nc3 e6 3. f4 Nc6 4. Nf3 d6 5. g3 g6 6. Bg2 Bg7 7. d3 Nge7 8. 0-0 0-0 9. Rb1 Rb8 10. Be3 Nd4 11. Ne2 Nec6 12. c3 Nxe2+ 13. Qxe2 Qc7 14. d4 cxd4 15. cxd4 d5 16. e5 b5 17. Rfc1 Qb6 18. Rc5 Bd7 19. Rbc1 Rfc8 20. Bf1 a6 21. g4 Bf8 22. R5c2 a5 23. h4 b4 24. Qa6 Qxa6 25. Bxa6 Rc7 26. Nd2 Rb6 27. Bd3 a4 28. b3 a3 29. Nf1 Be7 30. Bf2 Rc8 31. Kg2 Kf8 32. Kh3 Na7 33. Ng3 Rbc6 34. Rxc6 Rxc6 35. Rxc6 Bxc6 36. f5 Bb5 37. Bc2 Bd8 38. h5 Kg7 39. f6+ Kf8 40. hxg6 hxg6 41. Kg2 Nc6 42. Be1 Bb6 43. Nf1 Bxd4 44. Bg3 Bxf1+ 45. Kxf1 Bxe5 46. Bxe5 Nxe5 47. Bd1 g5 48. Kf2 Nd7 49. Ke3 Nxf6 0-1

[Event "Nuremberg Zabo op 12th"]
[Site "Nuremberg"]
[Date "2010.09.18"]
[Round "3"]
[White "Hoffmann, Sebastian1111"]
[Black "Kulok, Solomon"]
[Result "0-1"]
[WhiteElo "500"]
[BlackElo "1713"]
[PlyCount "88"]
[EventDate "2010.09.17"]
[EventType "swiss"]
[EventRounds "5"]
[EventCountry "GER"]
[SourceTitle "EXT 2011"]
[Source "ChessBase"]
[SourceDate "2010.11.26"]
[SourceVersion "1"]
[SourceVersionDate "2010.11.26"]
[SourceQuality "1"]

1. e4 c5 2. d4 cxd4 3. Qxd4 Nc6 4. Qd1 d6 5. Nf3 Nf6 6. Nc3 a6 7. Bc4 e6 8. Bg5 Be7 9. Bxf6 Bxf6 10. 0-0 0-0 11. h3 b5 12. Be2 Bb7 13. Nd2 b4 14. Na4 Qa5 15. b3 Bxa1 16. Qxa1 Qe5 17. Nb6 Qxa1 18. Rxa1 Rad8 19. Ndc4 Ne5 20. Rd1 Nxc4 21. Nxc4 d5 22. Na5 Ba8 23. exd5 Rxd5 24. Rxd5 Bxd5 25. Bxa6 Ra8 26. Nc4 Rxa6 27. a4 Bxc4 28. bxc4 Rxa4 29. Kf1 Ra2 30. Ke1 Rxc2 31. Kd1 Rxc4 32. f4 Rxf4 33. g4 Rf2 34. Kc1 b3 35. Kb1 Rc2 36. Ka1 Kf8 37. h4 Ke7 38. g5 g6 39. h5 gxh5 40. Kb1 h4 41. g6 hxg6 42. Ka1 h3 43. Kb1 h2 44. Ka1 h1R# 0-1

[Event "Nuremberg Zabo op 11th"]
[Site "Nuremberg"]
[Date "2009.09.18"]
[Round "1"]
[White "Nuding, Matthias"]
[Black "Kulok, Solomon"]
[Result "1/2-1/2"]
[WhiteElo "2059"]
[BlackElo "1597"]
[PlyCount "74"]
[EventDate "2009.09.18"]
[EventType "swiss"]
[EventRounds "5"]
[EventCountry "GER"]
[SourceTitle "EXT 2012"]
[Source "ChessBase"]
[SourceDate "2011.11.24"]
[SourceVersion "1"]
[SourceVersionDate "2011.11.24"]
[SourceQuality "1"]

1. c4 Nf6 2. g3 g6 3. Bg2 Bg7 4. Nc3 d6 5. d3 Nc6 6. Bd2 e5 7. Rb1 0-0 8. b4 Ne7 9. Nf3 Nh5 10. Qc1 f5 11. h3 c6 12. Bg5 Nf6 13. 0-0 Rf7 14. c5 Nfd5 15. Nxd5 cxd5 16. Bh6 e4 17. Ne1 Bxh6 18. Qxh6 dxc5 19. bxc5 Qa5 20. Rb2 Qxc5 21. Qd2 Nc6 22. Nc2 Rc7 23. Rfb1 Qe7 24. Ne3 Be6 25. dxe4 dxe4 26. Nd5 Bxd5 27. Qxd5+ Kg7 28. g4 Rd8 29. Qb3 Nd4 30. Qe3 b6 31. gxf5 gxf5 32. Kh1 Rcd7 33. Rg1 Kf7 34. Qh6 Qf6 35. Qc1 Ne6 36. Rc2 Nd4 37. Rd2 Ne6 1/2-1/2

[Event "Nuremberg Zabo op 10th"]
[Site "Nuremberg"]
[Date "2008.09.20"]
[Round "3"]
[White "Kulok, Solomon"]
[Black "Schneider, Dominik1111"]
[Result "1/2-1/2"]
[WhiteElo "1615"]
[BlackElo "1759"]
[PlyCount "70"]
[EventDate "2008.09.19"]
[EventType "swiss"]
[EventRounds "5"]
[EventCountry "GER"]
[SourceTitle "EXT 2012"]
[Source "ChessBase"]
[SourceDate "2011.11.24"]
[SourceVersion "1"]
[SourceVersionDate "2011.11.24"]
[SourceQuality "1"]

1. e4 c5 2. Nc3 d6 3. d3 g6 4. f4 Bg7 5. Nf3 Nc6 6. g3 e6 7. Bg2 Nge7 8. 0-0 0-0 9. Kh1 a6 10. a4 Bd7 11. Be3 b6 12. Qe1 d5 13. Bg1 dxe4 14. dxe4 e5 15. fxe5 Nxe5 16. Nxe5 Bxe5 17. Be3 Nc6 18. Qf2 Be6 19. Bh6 Re8 20. Rad1 Bd4 21. Qf4 Qb8 22. Qxb8 Raxb8 23. Bd2 Nb4 24. Rc1 Bxc3 25. bxc3 Nc6 26. Bf4 Rbc8 27. Rfe1 Re7 28. Rb1 Rb7 29. Red1 Rd8 30. Rxd8+ Nxd8 31. Bd6 Bd7 32. e5 Bc6 33. c4 Bxg2+ 34. Kxg2 Kg7 35. Kf3 f6 1/2-1/2

[Event "GER-chT U12"]
[Site "Verden"]
[Date "2005.12.28"]
[Round "3.4"]
[White "Kulok, Solomon"]
[Black "Boeckenfoerde, Tilman"]
[Result "0-1"]
[WhiteElo "1132"]
[BlackElo "1088"]
[PlyCount "146"]
[EventDate "2005.12.27"]
[EventType "team-swiss"]
[EventRounds "7"]
[EventCountry "GER"]
[SourceTitle "CBM 110 Extra"]
[Source "ChessBase"]
[SourceDate "2006.03.10"]
[SourceVersion "2"]
[SourceVersionDate "2006.03.10"]
[SourceQuality "1"]

1. e4 e5 2. d4 Nc6 3. d5 Nce7 4. Nf3 g6 5. Nxe5 Bg7 6. Nf3 c6 7. c4 Qb6 8. Nc3 Nf6 9. Be3 Qxb2 10. Qc1 Qb4 11. Bd3 Ng4 12. Bd2 Bxc3 13. Bxc3 Qc5 14. Bd4 Qb4+ 15. Qc3 Qxc3+ 16. Bxc3 0-0 17. h3 Nh6 18. 0-0 d6 19. Rab1 b6 20. Bf6 Re8 21. Bg5 Kg7 22. Bf4 Rd8 23. Nd4 Bb7 24. Bd2 f5 25. Bxh6+ Kxh6 26. exf5 gxf5 27. Nxf5+ Nxf5 28. Bxf5 cxd5 29. Rbc1 dxc4 30. Rxc4 Ba6 31. Rc7 Bxf1 32. Kxf1 Rh8 33. Be4 Rae8 34. f3 a5 35. Rc6 Rd8 36. Rxb6 Kg5 37. Rb5+ Kf4 38. Kf2 d5 39. g3+ Ke5 40. Ke3 Rd7 41. Rxa5 Rc8 42. f4+ Ke6 43. Ra6+ Kf7 44. Bxh7 Rc3+ 45. Kd4 Rc4+ 46. Kd3 Re7 47. a4 Rb7 48. Bg6+ Kg7 49. Bh5 Rb3+ 50. Kd2 d4 51. Rg6+ Kf8 52. Rf6+ Ke7 53. Rf7+ Ke6 54. f5+ Ke5 55. Re7+ Kd6 56. f6 Rxa4 57. Kc2 Rxg3 58. Kb2 Rxh3 59. Bf7 Rf3 60. Re6+ Kc5 61. Be8 Rb4+ 62. Kc2 d3+ 63. Kc3 d2+ 64. Kxd2 Rb2+ 65. Ke1 Ra3 66. Rc6+ Kd5 67. Rc1 Re3+ 68. Kf1 Rxe8 69. Rd1+ Kc6 70. f7 Rh8 71. Kg1 Rf8 72. Rc1+ Kd6 73. Rd1+ Ke6 0-1

[Event "Nuremberg-ch op 05th"]
[Site "Nuremberg"]
[Date "2005.05.06"]
[Round "1"]
[White "Doerfler, Christian"]
[Black "Kulok, Solomon"]
[Result "1-0"]
[WhiteElo "1711"]
[BlackElo "1196"]
[PlyCount "53"]
[EventDate "2005.05.06"]
[EventType "swiss"]
[EventRounds "5"]
[EventCountry "GER"]
[SourceTitle "EXT 2007"]
[Source "ChessBase"]
[SourceDate "2006.11.23"]
[SourceVersion "1"]
[SourceVersionDate "2006.11.23"]
[SourceQuality "1"]

1. e4 c5 2. Nf3 Nc6 3. d4 cxd4 4. Nxd4 g6 5. Nc3 Bg7 6. Be3 Nf6 7. Bc4 Qa5 8. f3 0-0 9. Qd2 Qb4 10. Nxc6 bxc6 11. Bb3 Bb7 12. Bh6 a5 13. Bxg7 Kxg7 14. a3 Qb6 15. 0-0-0 d6 16. g4 Rab8 17. h4 Ba6 18. h5 Bc4 19. hxg6 fxg6 20. Qh6+ Kh8 21. Na4 Qb5 22. Nc3 Qb6 23. Qxg6 Bxb3 24. cxb3 Qxb3 25. Rd2 Qg8 26. Qh6 Qg6 27. Qxg6 1-0